Clubs historiques #3 : FC Barcelone - Statistiques

Statistiques générales
  • Ce quiz a été pris 405 fois
  • Le résultat moyen est 8 sur 10
Statistiques - réponses
Question Réponse % Correct
Nombre de ligues des champions 5
99%
Stade Camp Nou
99%
Meilleur buteur Lionel Messi
98%
Joueur le plus capé Lionel Messi
95%
Entraîneur Xavi
93%
Capacité (arrondir au millier supérieur ou inférieur) 99 754
79%
Nombre de championnats remportés 26
78%
Année de fondation 1899
72%
Joueur le plus cape jouant encore pour le club Sergio Busquets
65%
Meilleur buteur qui joue encore pour le club Ousmane Dembélé
45%
Aucun quiz correspondant
Distribution des résultats
% des personnes avec chaque résultat
Percentile par nombre de réponses
Votre historique - résultats
Vous n’avez pas pris ce quiz